000 00318nam a22001337a 4500
008 170527b xxu||||| |||| 00| 0 eng d
020 _a9780070109513
041 _aeng
080 _22ND
_a621.3
100 _a27
101 _aIM
245 _aHIGH-FREQUENCY SWITCHING POWER SUPPLIES
_cCHRYSSIS, G.C
942 _2udc
_cBK
999 _c14632
_d14632